| 000 | 00501 a2200169 4500 | ||
|---|---|---|---|
| 003 | OSt | ||
| 005 | 20231214095130.0 | ||
| 008 | 231213b |||||||| |||| 00| 0 eng d | ||
| 020 | _a9789389445626 | ||
| 040 | _coclc | ||
| 082 |
_a894.8128 _bDCB/S |
||
| 245 |
_aSaahithyamaathrukakal (Other Pattern) B.Sc 1Sem / _cCompiled by D C Books |
||
| 250 | _a1st ed. | ||
| 260 |
_aKottayam: _bD C Books, _c2019. |
||
| 300 | _a120p. | ||
| 942 |
_2ddc _cBK _h894.8128 _iDCB/S _k894.8128 _mDCB/S |
||
| 999 |
_c44100 _d44100 |
||